[Event "Hamburg Easter op"]
[Site "Hamburg"]
[Date "2023.04.07"]
[Round "1"]
[White "Parvanyan, Ashot"]
[Black "Schacht, David"]
[Result "1-0"]
[WhiteElo "2429"]
[BlackElo "1541"]
[PlyCount "103"]
[EventDate "2023.04.07"]
[EventType "swiss"]
[EventRounds "7"]
[EventCountry "GER"]
[SourceTitle "EXT 2024"]
[Source "ChessBase"]
[SourceDate "2023.10.10"]
[SourceVersion "1"]
[SourceVersionDate "2023.10.10"]
[SourceQuality "1"]

1. Nf3 Nf6 2. c4 c5 3. d4 cxd4 4. Nxd4 e6 5. g3 Be7 6. Bg2 0-0 7. 0-0 Nc6 8. Nc3 Nxd4 9. Qxd4 d6 10. b3 e5 11. Qd3 Rb8 12. Rd1 Bd7 13. Nb5 Bxb5 14. cxb5 Qd7 15. Be3 b6 16. a4 Rfd8 17. f4 exf4 18. Bxf4 Qe6 19. Rac1 Rd7 20. Rc6 Rbd8 21. e4 Bf8 22. Qc4 Qxc4 23. bxc4 Ng4 24. Bh3 h5 25. Rd5 g6 26. Kg2 Kg7 27. Bxg4 hxg4 28. Rg5 Re8 29. Rxg4 f6 30. Kf3 Re6 31. Be3 Kf7 32. Rh4 g5 33. Rg4 Rde7 34. Bd2 Ke8 35. Rc8+ Kf7 36. h4 Bh6 37. hxg5 fxg5 38. Bxg5 Bxg5 39. Rxg5 Rxe4 40. Rd5 Re3+ 41. Kf4 Ra3 42. Rxd6 Rxa4 43. Rdc6 Rd7 44. R8c7 Rxc7 45. Rxc7+ Kf6 46. Rc6+ Kf7 47. Kf5 Ra1 48. Rc7+ Kf8 49. g4 Rf1+ 50. Kg6 Rf4 51. g5 Rf1 52. Rxa7 1-0

[Event "Hamburg HSK Christmas op"]
[Site "Hamburg"]
[Date "2022.12.30"]
[Round "7"]
[White "Schacht, David"]
[Black "Klaus, Christian"]
[Result "0-1"]
[WhiteElo "1693"]
[BlackElo "2095"]
[PlyCount "110"]
[EventDate "2022.12.27"]
[EventType "swiss"]
[EventRounds "7"]
[EventCountry "GER"]
[SourceTitle "EXT 2024"]
[Source "ChessBase"]
[SourceDate "2023.10.10"]
[SourceVersion "1"]
[SourceVersionDate "2023.10.10"]
[SourceQuality "1"]

1. e4 g6 2. d4 Bg7 3. Bc4 d6 4. Nc3 a6 5. f4 e6 6. Nf3 Ne7 7. 0-0 d5 8. exd5 exd5 9. Bd3 0-0 10. Ne2 Nbc6 11. c3 Nf5 12. Bxf5 Bxf5 13. Ng3 Ne7 14. Nh4 Qd7 15. Nhxf5 Nxf5 16. Qg4 Rae8 17. Bd2 Re7 18. Rae1 Nxg3 19. Qxd7 Rxd7 20. hxg3 f5 21. Re2 Kf7 22. Rfe1 Bf6 23. Kf2 b6 24. b4 Rd6 25. Ke3 Re8+ 26. Kd3 Re4 27. Rxe4 fxe4+ 28. Ke3 h5 29. a4 Rc6 30. Rb1 Rc4 31. Ra1 c5 32. dxc5 bxc5 33. Ra3 Bxc3 34. b5 Bxd2+ 35. Kxd2 Rb4 36. bxa6 Rb6 37. Rc3 c4 38. Ke3 Rxa6 39. Kd4 Ke6 40. Ra3 Ra5 41. Ra2 Kf5 42. Ra1 Ke6 43. Ra3 Kd6 44. g4 hxg4 45. Rg3 Ke6 46. Rxg4 Kf5 47. Rg5+ Kxf4 48. Rxg6 c3 49. Kxc3 Rxa4 50. Rd6 Ra3+ 51. Kd2 e3+ 52. Ke1 Ke4 53. g4 d4 54. Kd1 Kd3 55. Ke1 e2 0-1

[Event "Hamburg HSK Christmas op"]
[Site "Hamburg"]
[Date "2022.12.27"]
[Round "2"]
[White "Schroeder, Christoph"]
[Black "Schacht, David"]
[Result "1-0"]
[WhiteElo "2114"]
[BlackElo "1693"]
[PlyCount "37"]
[EventDate "2022.12.27"]
[EventType "swiss"]
[EventRounds "7"]
[EventCountry "GER"]
[SourceTitle "EXT 2024"]
[Source "ChessBase"]
[SourceDate "2023.10.10"]
[SourceVersion "1"]
[SourceVersionDate "2023.10.10"]
[SourceQuality "1"]

1. e4 e5 2. f4 exf4 3. Nf3 Ne7 4. Bc4 d5 5. exd5 Nxd5 6. Bxd5 Qxd5 7. Nc3 Qe6+ 8. Kf2 Be7 9. Re1 Qd6 10. d4 Bg4 11. Bxf4 Qd7 12. Qe2 Nc6 13. d5 Bxf3 14. dxc6 Bxc6 15. Rad1 Qe6 16. Bxc7 Qf5+ 17. Kg1 Qc5+ 18. Kh1 Rc8 19. Bd6 1-0

[Event "Blankenese op 3rd"]
[Site "Hamburg"]
[Date "2019.10.06"]
[Round "7"]
[White "Kloerss, Knut"]
[Black "Schacht, David"]
[Result "1-0"]
[WhiteElo "1727"]
[BlackElo "1282"]
[PlyCount "163"]
[EventDate "2019.10.03"]
[EventType "swiss"]
[EventRounds "7"]
[EventCountry "GER"]
[SourceTitle "EXT 2023"]
[Source "ChessBase"]
[SourceDate "2022.10.05"]
[SourceVersion "1"]
[SourceVersionDate "2022.10.05"]
[SourceQuality "1"]

1. e4 e5 2. Nf3 Nc6 3. Bc4 Bc5 4. c3 Nf6 5. d3 d6 6. 0-0 0-0 7. h3 Ne7 8. Bg5 Ng6 9. d4 Bb6 10. Re1 Re8 11. Nbd2 h6 12. Be3 c6 13. Bb3 d5 14. dxe5 Nxe5 15. Bxb6 axb6 16. exd5 Nxf3+ 17. Qxf3 Rxe1+ 18. Rxe1 cxd5 19. Rd1 Be6 20. Nf1 Qd7 21. Ne3 Rd8 22. Qf4 Qd6 23. Qxd6 Rxd6 24. c4 d4 25. Nc2 d3 26. Nb4 d2 27. f3 Rd4 28. Nd5 Nxd5 29. cxd5 Bxd5 30. Bxd5 Rxd5 31. Kf2 f5 32. Ke2 Ra5 33. a3 f4 34. Rxd2 Rg5 35. Kd3 Kf7 36. Ke4 Rc5 37. Kxf4 Rc4+ 38. Ke3 Ke6 39. Rd4 Rc2 40. Rb4 Rc6 41. Kd3 Ke5 42. Re4+ Kf6 43. g4 Rc1 44. h4 Rd1+ 45. Ke3 Rb1 46. Rb4 Re1+ 47. Kf2 Re6 48. Rb5 g6 49. g5+ Kg7 50. Kg3 h5 51. Kf4 Rc6 52. Ke5 Kf7 53. f4 Re6+ 54. Kd4 Kg7 55. Kd5 Kf7 56. a4 Ke7 57. a5 Rd6+ 58. Ke4 Re6+ 59. Kf3 bxa5 60. Rxb7+ Kf8 61. Rb5 a4 62. Rb4 Ra6 63. Ke4 a3 64. bxa3 Rxa3 65. Ke5 Ra5+ 66. Ke4 Kf7 67. Rb7+ Kf8 68. Rd7 Ra4+ 69. Rd4 Ra3 70. f5 Ra6 71. fxg6 Rxg6 72. Kf5 Rc6 73. g6 Kg7 74. Rd7+ Kg8 75. Kg5 Rc8 76. Kxh5 Kf8 77. Kh6 Rc4 78. h5 Rc5 79. g7+ Ke8 80. Ra7 Rf5 81. g8Q+ Rf8 82. Qe6+ 1-0

[Event "Blankenese op 2nd"]
[Site "Hamburg"]
[Date "2018.09.30"]
[Round "4.35"]
[White "Schacht, David"]
[Black "Perschk, Bendix"]
[Result "1/2-1/2"]
[WhiteElo "1282"]
[BlackElo "1712"]
[PlyCount "130"]
[EventDate "2018.09.29"]
[EventType "swiss"]
[EventRounds "7"]
[EventCountry "GER"]
[SourceTitle "EXT 2020"]
[Source "ChessBase"]
[SourceDate "2019.10.17"]
[SourceVersion "1"]
[SourceVersionDate "2019.10.17"]
[SourceQuality "1"]

1. e4 c5 2. Nc3 e6 3. f4 a6 4. Nf3 Qc7 5. d3 Nf6 6. Be2 Nc6 7. 0-0 Nd4 8. Qd2 d6 9. Bd1 b5 10. Qf2 Nc6 11. Qg3 Nd7 12. Nh4 Bb7 13. f5 0-0-0 14. Bg4 b4 15. fxe6 fxe6 16. Ne2 Re8 17. c3 Nde5 18. Bh3 h6 19. d4 g5 20. Nf3 Nxf3+ 21. Rxf3 Kb8 22. dxc5 Ne5 23. Rf1 Qxc5+ 24. Be3 Qc4 25. Bd4 Bg7 26. Nf4 Rhg8 27. Nh5 Bh8 28. Nf6 Bxf6 29. Rxf6 g4 30. Bxe5 dxe5 31. Bxg4 Qxe4 32. Bf3 Rxg3 33. Bxe4 Re3 34. Bxb7 Kxb7 35. cxb4 Re2 36. Rf2 Re4 37. b3 Rxb4 38. Re2 Kc6 39. Rxe5 Kd6 40. Rh5 a5 41. Rxh6 a4 42. g3 axb3 43. axb3 Rxb3 44. Ra6+ Kd5 45. Rh5+ e5 46. Ra4 Rb2 47. Ra5+ Kd4 48. Ra4+ Kd3 49. Ra3+ Ke2 50. Kg2 e4 51. Rha5 e3 52. Ra2 Rd2 53. Kh3 Rxa2 54. Rxa2+ Kf1 55. Ra1+ Kf2 56. Kg4 Rh8 57. h4 Rg8+ 58. Kf4 e2 59. g4 e1Q 60. Rxe1 Kxe1 61. h5 Kf2 62. g5 Rf8+ 63. Kg4 Ke3 64. h6 Ke4 65. g6 Rf4+ 1/2-1/2

[Event "Blankenese op 1st"]
[Site "Hamburg"]
[Date "2017.10.03"]
[Round "4.41"]
[White "Schacht, David"]
[Black "Grabbel, Torben Frederik"]
[Result "0-1"]
[WhiteElo "996"]
[BlackElo "1473"]
[PlyCount "98"]
[EventDate "2017.09.30"]
[EventType "swiss"]
[EventRounds "7"]
[EventCountry "GER"]
[SourceTitle "EXT 2020"]
[Source "ChessBase"]
[SourceDate "2019.10.17"]
[SourceVersion "1"]
[SourceVersionDate "2019.10.17"]
[SourceQuality "1"]

1. e4 e5 2. Nf3 Nc6 3. Bc4 Bc5 4. d3 Nf6 5. Nc3 0-0 6. Bg5 h6 7. Bh4 Be7 8. 0-0 d6 9. a3 Bg4 10. h3 Bh5 11. Bd5 Nxd5 12. Bxe7 Ndxe7 13. b4 Nd4 14. g4 Nxf3+ 15. Qxf3 Bg6 16. Ne2 Nc6 17. b5 Ne7 18. c4 a6 19. a4 axb5 20. axb5 Kh8 21. Kh2 Ng8 22. Rab1 Nf6 23. h4 Nd7 24. Kh3 Nc5 25. Ng3 Ra3 26. Rfd1 Qd7 27. Ra1 Rfa8 28. Rxa3 Rxa3 29. Rd2 c6 30. b6 Ra6 31. Rb2 Na4 32. Ra2 Nxb6 33. Rxa6 bxa6 34. Qe3 c5 35. f4 exf4 36. Qxf4 a5 37. Qd2 a4 38. Qa5 Qc6 39. Nf5 Bxf5 40. gxf5 Kh7 41. Kg4 Nd7 42. Qc3 Ne5+ 43. Kf4 Qa6 44. h5 a3 45. Ke3 a2 46. Qa1 Qa3 47. Qxa2 Qxa2 48. d4 cxd4+ 49. Kxd4 Qd2# 0-1

[Event "Blankenese op 1st"]
[Site "Hamburg"]
[Date "2017.10.03"]
[Round "5.42"]
[White "Von Rosen, Anna"]
[Black "Schacht, David"]
[Result "1-0"]
[WhiteElo "905"]
[BlackElo "996"]
[PlyCount "83"]
[EventDate "2017.09.30"]
[EventType "swiss"]
[EventRounds "7"]
[EventCountry "GER"]
[SourceTitle "EXT 2020"]
[Source "ChessBase"]
[SourceDate "2019.10.17"]
[SourceVersion "1"]
[SourceVersionDate "2019.10.17"]
[SourceQuality "1"]

1. e4 e5 2. Nf3 Nc6 3. Bc4 Nf6 4. d3 Bc5 5. Bg5 d6 6. c3 Bg4 7. Nbd2 0-0 8. Nb3 Bb6 9. d4 Bh5 10. 0-0 Bg6 11. Re1 a5 12. a4 Re8 13. Qc2 Qe7 14. Re2 exd4 15. cxd4 Bxe4 16. Qd2 Qd8 17. Rae1 h6 18. Bxf6 Qxf6 19. Rxe4 Rxe4 20. Rxe4 Ne7 21. Qe1 Re8 22. Nxa5 d5 23. Bxd5 c6 24. Bc4 Qd6 25. Nxb7 Qc7 26. Nc5 Qd6 27. b4 Kf8 28. Ne5 Nd5 29. Bxd5 Qxd5 30. Ncd7+ Kg8 31. Nxb6 Qb3 32. h3 f6 33. Nxc6 Rxe4 34. Qxe4 Qd1+ 35. Kh2 Qf1 36. Qe8+ Kh7 37. Qf7 Qxf2 38. Nd5 f5 39. Nce7 Qg3+ 40. Kxg3 f4+ 41. Kxf4 Kh8 42. Qg8# 1-0

[Event "Blankenese op 1st"]
[Site "Hamburg"]
[Date "2017.10.01"]
[Round "3.38"]
[White "Klaas, Heiko"]
[Black "Schacht, David"]
[Result "1-0"]
[WhiteElo "1558"]
[BlackElo "996"]
[PlyCount "61"]
[EventDate "2017.09.30"]
[EventType "swiss"]
[EventRounds "7"]
[EventCountry "GER"]
[SourceTitle "EXT 2020"]
[Source "ChessBase"]
[SourceDate "2019.10.17"]
[SourceVersion "1"]
[SourceVersionDate "2019.10.17"]
[SourceQuality "1"]

1. e4 e5 2. Nf3 Nc6 3. Bc4 Bc5 4. c3 d6 5. d4 exd4 6. cxd4 Bb4+ 7. Bd2 Bxd2+ 8. Nbxd2 Bg4 9. Qb3 Bxf3 10. Nxf3 Rb8 11. Bxf7+ Kf8 12. 0-0 Qe7 13. Bd5 Qd7 14. e5 dxe5 15. Nxe5 Nxe5 16. dxe5 c6 17. Be4 Qg4 18. Qb4+ Ne7 19. Rad1 c5 20. Qa4 b5 21. Qxa7 Kf7 22. Bd5+ Kg6 23. Qxe7 Qf5 24. Qd6+ Kg5 25. f4+ Kg4 26. Bf3+ Kh4 27. Qe7+ g5 28. fxg5 Qxg5 29. g3+ Kh3 30. Qxg5 h5 31. Bg2# 1-0